Slavery and the culture of taste/ (Record no. 30668)

000 -LEADER
fixed length control field 00522nam a22001457a 4500
008 - FIXED-LENGTH DATA ELEMENTS--GENERAL INFORMATION
fixed length control field 200827b ||||| |||| 00| 0 eng d
020 ## - INTERNATIONAL STANDARD BOOK NUMBER
International Standard Book Number 9780691160979
050 ## - LIBRARY OF CONGRESS CALL NUMBER
Classification number PN 56 .S5765G55 2011
100 ## - MAIN ENTRY--PERSONAL NAME
Personal name Gikandi, Simon
245 ## - TITLE STATEMENT
Title Slavery and the culture of taste/
Statement of responsibility, etc. Simon Gikandi
260 ## - PUBLICATION, DISTRIBUTION, ETC. (IMPRINT)
Place of publication, distribution, etc. New Jersey:
Name of publisher, distributor, etc. Princeton University press,
Date of publication, distribution, etc. 2011.
300 ## - PHYSICAL DESCRIPTION
Extent xviii,366p. :
Other physical details col. ill. ;
Dimensions 24cm.
521 ## - TARGET AUDIENCE NOTE
Target audience note Includes bibliographical references and index.
942 ## - ADDED ENTRY ELEMENTS (KOHA)
Source of classification or shelving scheme
Koha item type Hard Covered Materials
Classification part PN 56 .S5765G55 2011
Holdings
Withdrawn status Lost status Source of classification or shelving scheme Damaged status Not for loan Home library Current library Shelving location Date acquired Source of acquisition Cost, normal purchase price Total Checkouts Full call number Barcode Date last seen Price effective from Koha item type
          MACHAKOS UNIVERSITY LIBRARY MACHAKOS UNIVERSITY LIBRARY Open shelf 27/08/2020 Purchase 4652.00   PN 56 .S5765G55 2011 23346 21/10/2020 27/08/2020 Hard Covered Materials
© Machakos University Library, Along The Highway, Machakos Wote Rd, Machakos, Kenya P.O. Box 136 - 90100 Machakos - Kenya

Tel: ( +254 ) 723 805829 OR Fax : 044-20353 OR Email: library@mksu.ac.ke